Sustainable Communities Act 2007 (Record no. 107883)

MARC details
000 -LEADER
fixed length control field 01317cad a22002295a 4500
001 - CONTROL NUMBER
control field L142411
008 - FIXED-LENGTH DATA ELEMENTS--GENERAL INFORMATION
fixed length control field 080212e20080201xxk f 000 0 eng d
035 ## - SYSTEM CONTROL NUMBER
System control number (Sirsi) u142411
041 0# - LANGUAGE CODE
Language code of text/sound track or separate title eng
050 04 - LIBRARY OF CONGRESS CALL NUMBER
Classification number 711.1 $2 18
110 1# - MAIN ENTRY--CORPORATE NAME
Corporate name or jurisdiction name as entry element United Kingdom
Subordinate unit Department for Communities and Local Government
9 (RLIN) 4939
245 00 - TITLE STATEMENT
Title Sustainable Communities Act 2007
Remainder of title a guide
Medium [electronic resource]
260 ## - PUBLICATION, DISTRIBUTION, ETC.
Place of publication, distribution, etc. London
Name of publisher, distributor, etc. DCLG
Date of publication, distribution, etc. 2008
520 ## - SUMMARY, ETC.
Summary, etc. Provides an overview of the Sustainable Communities Act 2007 (see L141344) and describes the process by which it will be implemented. Describes how it is intended to influence local communities and proposals by local authorities. Covers its proposals about regulations, which are to be made by the Secretary of State for Communities. Describes the benefit of local spending reports and sustainable community strategies. Provides an outline timetable for the Act's implementation.
521 2# - TARGET AUDIENCE NOTE
Target audience note Advanced
590 ## - LOCAL NOTE (RLIN)
Local note KA
650 24 - SUBJECT ADDED ENTRY--TOPICAL TERM
Topical term or geographic name entry element SUSTAINABLE COMMUNITIES ACT 2007
651 #4 - SUBJECT ADDED ENTRY--GEOGRAPHIC NAME
Geographic name United Kingdom
Chronological subdivision
690 ## - LOCAL SUBJECT ADDED ENTRY--TOPICAL TERM (OCLC, RLIN)
Topical term or geographic name as entry element ENVIRONMENTAL AND LAND CONSULTANCY-PLANNING AND DEVELOPMENT-STRATEGIC PLANNING
856 40 - ELECTRONIC LOCATION AND ACCESS
Uniform Resource Identifier <a href="https://www.communities.gov.uk/publications/localgovernment/sustainablecommunitiesact?version=1">https://www.communities.gov.uk/publications/localgovernment/sustainablecommunitiesact?version=1</a>
Public note View the Act free of charge at www.communities.gov.uk...
942 ## - ADDED ENTRY ELEMENTS (KOHA)
Suppress in OPAC 0
Holdings
Withdrawn status Lost status Source of classification or shelving scheme Damaged status Not for loan Home library Current library Shelving location Date acquired Total Checkouts Full call number Barcode Date last seen Copy number Price effective from Koha item type
    Dewey Decimal Classification     Virtual Virtual Online 12/02/2008   ONLINE PUBLICATION 142411-1001 06/08/2019 1 06/08/2019 Book